000 00594nam a2200145Ia 4500
008 140724s9999 xx 000 0 und d
050 _aLB 3051
_b.Es74 2010
100 _aEscalante, Maria Feminina.
245 _aEnglish proficiency examination result as a predictor in the success of Mock Board Examination among nursing students of Southville International School and Colleges /
_cMaria Feminina Escalante.
260 _aLas PiƱas, Philippines :
_bSouthville International School and Colleges,
_cc2010.
300 _a40 p. :
_c28 cm.
521 _aNursing
942 _cTH
999 _c228999
_d228999